LEADER 01194nam 2200337Ia 450 001 996392057003316 005 20221108041602.0 035 $a(CKB)1000000000668747 035 $a(EEBO)2240899993 035 $a(OCoLC)13765913 035 $a(EXLCZ)991000000000668747 100 $a19860623d1641 uy | 101 0 $aeng 135 $aurbn||||a|bb| 200 10$aTwo letters sent from the Earle of Strafford, one to his Lady in Ireland a little before his death, and another to a certaine great ladie$b[electronic resource] 210 $a[London $cs.n.]$d1641 215 $a[2], 5 p 300 $aPlace of publication from Wing. 300 $aReproduction of original in Huntington Library. 330 $aeebo-0113 607 $aGreat Britain$xHistory$yCharles I, 1625-1649$vSources 700 $aStrafford$b Thomas Wentworth$cEarl of,$f1593-1641.$01001354 801 0$bEAA 801 1$bEAA 801 2$bm/c 801 2$bEAA 801 2$bWaOLN 906 $aBOOK 912 $a996392057003316 996 $aTwo letters sent from the Earle of Strafford, one to his Lady in Ireland a little before his death, and another to a certaine great ladie$92330637 997 $aUNISA LEADER 02291nam 22004333a 450 001 9911046497703321 005 20260115163358.0 010 $a979-88-97830-23-7 035 $a(CKB)5700000000871380 035 $a(ODN)ODN0011822133 035 $a(ScCtBLL)76458cc0-0736-4a2e-9a9f-1ba5131a3a9b 035 $a(EXLCZ)995700000000871380 100 $a20260115i20252025 uu 101 0 $aukr 135 $auru|||||||||| 181 $ctxt$2rdacontent 182 $cc$2rdamedia 183 $acr$2rdacarrier 200 00$aEurope and the War in Ukraine : $eFrom Russian Aggression to a New Eastern Policy /$fLaszlo Andor, Uwe Optenhögel 210 1$a[s.l.] :$cAcademic Studies Press,$d2025. 215 $a1 online resource 311 08$a979-88-97830-25-1 330 $aThe Russian aggression against Ukraine in February 2022 shook the world and caused immense suffering and destruction in the invaded country. Up to now, the conflict has been highly dynamic: militarily and politically. Ambitions, objectives, and achievements have been as dynamic as the policy of the stakeholders involved. While not a military player itself, the EU has appeared as a significant actor by aiding the Ukrainian war effort, supporting refugees, sanctioning Russia, and turning Ukraine into one of the candidates for EU membership. Our ambition with this reader is to track these developments concerning the key aspects of the war from a European perspective. Beyond the causes and consequences of the war, we should explore how Europe, and more specifically, the EU perform in the conflict, which will determine the future of our continent in many ways. 606 $aPolitical Science / Political Freedom$2bisacsh 606 $aPolitical Science / International Relations$2bisacsh 606 $aPolitical Science / Globalization$2bisacsh 606 $aPolitical science 615 7$aPolitical Science / Political Freedom 615 7$aPolitical Science / International Relations 615 7$aPolitical Science / Globalization 615 0$aPolitical science 700 $aAndor$b La?szlo?$00 702 $aOptenho?gel$b Uwe 801 0$bScCtBLL 801 1$bScCtBLL 906 $aBOOK 912 $a9911046497703321 996 $aEurope and the War in Ukraine$94532658 997 $aUNINA